[Event "12. OSIJEK OPEN "]
[Site "Osijek"]
[Date "2019.02.21"]
[Round "2.16"]
[White "Horvat, Damjan"]
[Black "Cupic, Tvrtko"]
[Result "1-0"]
[WhiteElo "2056"]
[BlackElo "1690"]
[PlyCount "101"]
[EventDate "2019.02.21"]

1. d4 d5 2. Nf3 Nf6 3. Bf4 Bf5 4. e3 e6 5. c4 Bb4+ 6. Nc3 O-O 7. Qb3 Qe7 8. a3
Bxc3+ 9. bxc3 c6 10. h3 h6 11. Be2 a6 12. c5 Qd7 13. Ne5 Qc8 14. O-O Nbd7 15.
Nd3 Ne4 16. Ra2 f6 17. f3 Ng5 18. Bd6 Rf7 19. h4 Nh7 20. Rb2 Ndf8 21. g4 Bxd3
22. Bxd3 f5 23. gxf5 exf5 24. Rh2 Qe6 25. Be5 Ng6 26. f4 Nf6 27. Rh3 Ng4 28.
Qc2 h5 29. Qg2 Re8 30. Qg3 Qe7 31. Rh1 b6 32. cxb6 Qxa3 33. Qe1 Qb2 34. Qb1 Qd2
35. Rh3 N6xe5 36. dxe5 g6 37. c4 Rb8 38. c5 a5 39. Qc2 Qxc2 40. Bxc2 Ra8 41.
Ba4 Rc8 42. Rb1 Rb7 43. Kf1 Kf7 44. Ke2 Ke6 45. Rhh1 Nh6 46. Rhg1 Ng4 47. Ra1
Kd7 48. Ra3 Ra8 49. Rc1 Rbb8 50. Rd3 Ke6 51. Bxc6 1-0

[Event "12. OSIJEK OPEN "]
[Site "Osijek"]
[Date "2019.02.21"]
[Round "2.17"]
[White "Gavran, Marinko"]
[Black "Borzan, Matej"]
[Result "1-0"]
[WhiteElo "1998"]
[BlackElo "1501"]
[PlyCount "61"]
[EventDate "2019.02.21"]

1. d4 Nf6 2. Nf3 g6 3. c4 Bg7 4. Nc3 d6 5. Bf4 Nbd7 6. e3 O-O 7. Be2 Re8 8. O-O
e5 9. dxe5 dxe5 10. Nxe5 b6 11. Nc6 Bb7 12. Nxd8 Raxd8 13. Bxc7 Rc8 14. Bg3 Nc5
15. Nb5 Rcd8 16. Qc1 a6 17. Nd6 Re7 18. Nxb7 Rxb7 19. Rd1 Re8 20. Bf3 Rbe7 21.
Bd6 Re6 22. Bxc5 bxc5 23. Bd5 Rb6 24. Rb1 Re5 25. h3 g5 26. Bf3 h5 27. Rd8+ Kh7
28. Qc2+ Kh6 29. Rbd1 g4 30. hxg4 hxg4 31. Ba8 1-0

[Event "12. OSIJEK OPEN "]
[Site "Osijek"]
[Date "2019.02.21"]
[Round "2.18"]
[White "Juric, Ester"]
[Black "Marjanovic, Annamaria"]
[Result "0-1"]
[WhiteElo "1474"]
[BlackElo "2326"]
[PlyCount "66"]
[EventDate "2019.02.21"]

1. d4 Nf6 2. c4 e6 3. Nc3 Bb4 4. Qc2 Nc6 5. Nf3 d6 6. Bg5 h6 7. Bf4 O-O 8. e3
Qe7 9. Bg3 e5 10. d5 Nd4 11. exd4 exd4+ 12. Be2 dxc3 13. bxc3 Bf5 14. Qb2 Ba5
15. O-O Ne4 16. Qa3 Bxc3 17. Rac1 Nxg3 18. fxg3 Bf6 19. Rce1 Qd7 20. Qb3 b6 21.
h3 Rfe8 22. Bd3 Bxd3 23. Qxd3 Rxe1 24. Rxe1 Re8 25. Re2 Re7 26. g4 Qe8 27. Rxe7
Qxe7 28. Kf2 Qe8 29. h4 g6 30. g5 hxg5 31. hxg5 Bg7 32. Nh4 Qe5 33. Qd2 Qe4 0-1

[Event "12. OSIJEK OPEN "]
[Site "Osijek"]
[Date "2019.02.21"]
[Round "2.19"]
[White "Turicar, Goran"]
[Black "Marjanovic, Gyorgy"]
[Result "1-0"]
[WhiteElo "1837"]
[BlackElo "2004"]
[PlyCount "85"]
[EventDate "2019.02.21"]

1. e4 c5 2. Nf3 Nc6 3. c3 g6 4. Bc4 Bg7 5. O-O d6 6. h3 e6 7. d4 cxd4 8. cxd4
Nge7 9. Nc3 O-O 10. Be3 a6 11. a3 b5 12. Bd3 Bb7 13. Rc1 Rc8 14. Qd2 Na5 15.
Rcd1 Nc4 16. Bxc4 Rxc4 17. Bh6 Qa8 18. Rfe1 Rfc8 19. Bxg7 Kxg7 20. Qf4 Qb8 21.
Ng5 Rf8 22. Qh4 h6 23. Nxe6+ fxe6 24. Qxe7+ Rf7 25. Qxe6 Bc8 26. Qe8 Qa7 27.
Qd8 Rd7 28. Qh4 Rxd4 29. Nd5 Rf7 30. Ne3 Be6 31. Qg3 Kh7 32. Rxd4 Qxd4 33. Rd1
Qxe4 34. Rxd6 Bc8 35. b4 Bb7 36. Ng4 Qe1+ 37. Kh2 Qb1 38. Nf6+ Kg7 39. Qc3 Qf1
40. Nd5+ Kh7 41. Rd8 g5 42. Rh8+ Kg6 43. Rg8+ 1-0

[Event "12. OSIJEK OPEN "]
[Site "Osijek"]
[Date "2019.02.21"]
[Round "2.20"]
[White "Perci, Franjo"]
[Black "Mandic, Bojan"]
[Result "0-1"]
[WhiteElo "1663"]
[BlackElo "2003"]
[PlyCount "88"]
[EventDate "2019.02.21"]

1. e4 d5 2. exd5 Qxd5 3. Nc3 Qd8 4. Bc4 Nf6 5. Nf3 e6 6. d3 Nc6 7. a3 Bd6 8.
Bg5 h6 9. Bh4 Ne5 10. Nxe5 Bxe5 11. Qe2 Qd4 12. Bxf6 Bxf6 13. O-O a6 14. Nd5
Qe5 15. Nxf6+ Qxf6 16. c3 O-O 17. d4 Bd7 18. f4 Bc6 19. Rae1 Rad8 20. Bd3 Rd5
21. Qg4 Rxd4 22. Re3 Rxd3 23. Rxd3 Bb5 24. Rfd1 Bxd3 25. Rxd3 e5 26. f5 Qb6+
27. Kf1 Qxb2 28. Rg3 Qc1+ 29. Kf2 Qf4+ 30. Qxf4 exf4 31. Rg4 Rd8 32. Ke2 f3+
33. gxf3 Kf8 34. Rb4 b6 35. Ke3 Ke7 36. Ke4 Kf6 37. h4 Re8+ 38. Kd5 Re5+ 39.
Kc6 Rc5+ 40. Kb7 Rxc3 41. a4 a5 42. Rg4 h5 43. Rf4 Rc5 44. Kb8 b5 0-1

[Event "12. OSIJEK OPEN "]
[Site "Osijek"]
[Date "2019.02.21"]
[Round "2.21"]
[White "Bevanda, Ema"]
[Black "Skocibusic, Ivo"]
[Result "1-0"]
[WhiteElo "1632"]
[BlackElo "1923"]
[PlyCount "113"]
[EventDate "2019.02.21"]

1. d4 Nf6 2. Bf4 g6 3. e3 Bg7 4. h3 d6 5. Nf3 O-O 6. Be2 Nbd7 7. O-O c5 8. c4
cxd4 9. exd4 Nh5 10. Bh2 Qb6 11. Qd2 Nhf6 12. Nc3 Re8 13. Rfe1 Nf8 14. Rad1 Ne6
15. b3 h5 16. Bf1 Qa5 17. Nd5 Qxd2 18. Nxf6+ Bxf6 19. Rxd2 Bd7 20. Red1 Ng5 21.
Nxg5 Bxg5 22. f4 Bh6 23. Be2 Bf5 24. g4 hxg4 25. hxg4 Be4 26. g5 Bg7 27. Bg4 d5
28. Re2 e6 29. Kf2 Red8 30. c5 Rac8 31. Ke3 Kf8 32. Bg3 Ke7 33. Be1 Kd7 34. Rh2
Rh8 35. Rdd2 Kc6 36. Rb2 Rxh2 37. Rxh2 Rh8 38. Rxh8 Bxh8 39. Be2 Bb1 40. a4 a6
41. b4 Bc2 42. b5+ Kd7 43. bxa6 bxa6 44. a5 Ba4 45. Bxa6 Bc6 46. Bc3 Bg7 47.
Kd2 Bf8 48. Kc2 Be7 49. Kb3 Bd8 50. Kb4 Bc7 51. Bb5 Bxf4 52. a6 Bb8 53. Bd2
Bxb5 54. Kxb5 Kc8 55. c6 Ba7 56. Ba5 Bxd4 57. Bb6 1-0

[Event "12. OSIJEK OPEN "]
[Site "Osijek"]
[Date "2019.02.21"]
[Round "2.22"]
[White "Matota, Dominik"]
[Black "Oreskovic, Pero"]
[Result "1-0"]
[WhiteElo "1503"]
[BlackElo "1907"]
[PlyCount "43"]
[EventDate "2019.02.21"]

1. e4 g6 2. d4 Bg7 3. Nf3 d6 4. Nc3 Nf6 5. Be3 O-O 6. Qd2 Re8 7. O-O-O b5 8.
Bxb5 c6 9. Ba4 Qa5 10. Bb3 Na6 11. h4 h5 12. Ng5 e6 13. d5 cxd5 14. exd5 e5 15.
Nce4 Qc7 16. Nxf6+ Bxf6 17. Ne4 Bg7 18. Bh6 Bh8 19. Qg5 Qd8 20. Ba4 Bd7 21.
Bxd7 Qxg5+ 22. Bxg5 1-0

[Event "12. OSIJEK OPEN "]
[Site "Osijek"]
[Date "2019.02.21"]
[Round "2.23"]
[White "Topalic, Fran"]
[Black "Benes, Miodrag"]
[Result "1/2-1/2"]
[WhiteElo "1480"]
[BlackElo "1829"]
[PlyCount "112"]
[EventDate "2019.02.21"]

1. e4 g6 2. d4 Bg7 3. Nf3 d6 4. c4 Nf6 5. Nc3 O-O 6. Be2 e5 7. d5 a5 8. O-O Na6
9. Qc2 Nh5 10. a3 Nf4 11. Bxf4 exf4 12. Rab1 f5 13. exf5 Bxf5 14. Bd3 Bg4 15.
Be2 Bf5 16. Bd3 Bg4 17. Be2 Nc5 18. b4 Bf5 19. Qd2 Bxb1 20. Rxb1 axb4 21. axb4
Nd7 22. Ne4 h6 23. c5 Qe7 24. Bd3 Ne5 25. Nxe5 Bxe5 26. cxd6 cxd6 27. f3 Ra3
28. Qc2 Rfa8 29. h3 g5 30. b5 Ra1 31. Rxa1 Rxa1+ 32. Kh2 Qd8 33. Qc4 Kg7 34.
Nd2 g4 35. Nf1 g3+ 36. Kh1 Qb6 37. Qe4 Rxf1+ 38. Bxf1 Qf2 39. Qc4 Qc5 40. Qd3
Qd4 41. Qc2 Qxd5 42. Qc7+ Kg6 43. Qd7 h5 44. Qe8+ Qf7 45. Bd3+ Kg7 46. Qc8 Bd4
47. Bc4 d5 48. Bd3 b6 49. Qd8 Bc5 50. Qg5+ Kf8 51. Qd8+ Kg7 52. Qg5+ Kh8 53.
Qh6+ Kg8 54. Qg5+ Qg7 55. Qxd5+ Kf8 56. Qd8+ Kf7 1/2-1/2

[Event "12. OSIJEK OPEN "]
[Site "Osijek"]
[Date "2019.02.21"]
[Round "2.24"]
[White "Matanovic, Pavo"]
[Black "Perko, Bartol"]
[Result "1-0"]
[WhiteElo "1816"]
[BlackElo "1446"]
[PlyCount "53"]
[EventDate "2019.02.21"]

1. e4 e5 2. Nf3 Nf6 3. Nxe5 d6 4. Nf3 Nxe4 5. Nc3 Nxc3 6. dxc3 Be7 7. Be3 Nc6
8. Qd2 Be6 9. O-O-O Qd7 10. Kb1 O-O 11. Ng5 Bf5 12. h4 h6 13. Nf3 Bf6 14. Bd3
Ne5 15. Bxf5 Qxf5 16. Nxe5 Bxe5 17. Rdg1 a5 18. g4 Qe6 19. f4 Bf6 20. f5 Qc4
21. g5 hxg5 22. hxg5 Be5 23. Rh3 Rfe8 24. Rgh1 Kf8 25. Rh4 Qc6 26. Bd4 Rad8 27.
f6 1-0

[Event "12. OSIJEK OPEN "]
[Site "Osijek"]
[Date "2019.02.21"]
[Round "2.25"]
[White "Markovic, Marko"]
[Black "Grguric, Stjepan-Kresimir"]
[Result "0-1"]
[WhiteElo "1407"]
[BlackElo "2113"]
[PlyCount "42"]
[EventDate "2019.02.21"]

1. d4 d5 2. c4 dxc4 3. e4 e5 4. Nf3 exd4 5. Qxd4 Qxd4 6. Nxd4 Nf6 7. Nc3 Bb4 8.
Bd2 Bxc3 9. Bxc3 Nxe4 10. Bxc4 Nxc3 11. bxc3 Bd7 12. O-O O-O 13. Rab1 c5 14.
Rxb7 cxd4 15. Bd5 Bc6 16. Bxc6 Nxc6 17. Rc7 Rfc8 18. Rxc8+ Rxc8 19. cxd4 Nxd4
20. h3 Ne2+ 21. Kh2 Rc1 0-1

[Event "12. OSIJEK OPEN "]
[Site "Osijek"]
[Date "2019.02.21"]
[Round "2.26"]
[White "Tomasic, Roland"]
[Black "Gnjajic, Blagoja"]
[Result "1-0"]
[WhiteElo "2166"]
[BlackElo "1677"]
[PlyCount "71"]
[EventDate "2019.02.21"]

1. e4 e5 2. Nf3 Nc6 3. Bb5 d6 4. O-O Bg4 5. h3 Bh5 6. c3 a6 7. Ba4 Nf6 8. Qe2
Be7 9. Rd1 O-O 10. d4 b5 11. Bb3 Nd7 12. Bd5 Ndb8 13. dxe5 Qc8 14. exd6 Bxd6
15. Nbd2 Re8 16. Nf1 Bc5 17. Ng3 Bxf3 18. Qxf3 Ne5 19. Qe2 c6 20. Bb3 Nc4 21.
Bxc4 bxc4 22. Qxc4 Be7 23. Nf5 Bf8 24. Bf4 Qe6 25. Qxe6 fxe6 26. Nd6 Bxd6 27.
Rxd6 e5 28. Bg3 Ra7 29. Rad1 Kf7 30. b3 Rb7 31. Kf1 Ke7 32. Ke2 Rd7 33. Bh4+
Kf7 34. Rxd7+ Nxd7 35. Rxd7+ Kg8 36. Rd8 1-0

[Event "12. OSIJEK OPEN "]
[Site "Osijek"]
[Date "2019.02.21"]
[Round "2.27"]
[White "Raguz, Ivanka"]
[Black "Zorman, Antun"]
[Result "1/2-1/2"]
[WhiteElo "1706"]
[BlackElo "1896"]
[PlyCount "75"]
[EventDate "2019.02.21"]

1. d4 d5 2. c4 c6 3. Nc3 Nf6 4. Nf3 e6 5. Bg5 Be7 6. e3 Ne4 7. Bxe7 Qxe7 8. Bd3
O-O 9. Nxe4 dxe4 10. Bxe4 Qb4+ 11. Nd2 Qxb2 12. Rb1 Qa3 13. O-O Qe7 14. f4 f5
15. Bc2 b6 16. Nf3 Nd7 17. a4 h6 18. Bb3 Ba6 19. Rf2 Rad8 20. Rd2 Kh8 21. Ba2
g5 22. d5 exd5 23. fxg5 hxg5 24. cxd5 Qxe3+ 25. Kh1 Nf6 26. Rb3 Qf4 27. Nd4 Ng4
28. Rh3+ Kg8 29. dxc6+ Rf7 30. Bxf7+ Kxf7 31. Qb3+ Kg6 32. Qe6+ Nf6 33. Rh6+
Kxh6 34. Qxf6+ Kh7 35. Qf7+ Kh8 36. Qh5+ Kg8 37. Qg6+ Kf8 38. Qf6+ 1/2-1/2

[Event "12. OSIJEK OPEN "]
[Site "Osijek"]
[Date "2019.02.21"]
[Round "2.29"]
[White "Cvijanovic, Srecko"]
[Black "Baturina, Marin"]
[Result "1-0"]
[WhiteElo "1841"]
[BlackElo "1531"]
[PlyCount "79"]
[EventDate "2019.02.21"]

1. e4 c5 2. Nf3 d6 3. c3 Nf6 4. h3 Nbd7 5. Bd3 e6 6. Bc2 Be7 7. O-O O-O 8. d4
cxd4 9. cxd4 a6 10. a4 b6 11. Nc3 Bb7 12. Be3 Rc8 13. Qd3 Qc7 14. Rac1 Qc4 15.
Qd1 Qc7 16. Bb1 Qb8 17. Nd2 Rc7 18. Qe2 Rfc8 19. Rce1 Qa8 20. f4 g6 21. g4 h5
22. g5 Nh7 23. h4 d5 24. f5 exf5 25. exf5 Bb4 26. fxg6 fxg6 27. Bxg6 Ndf8 28.
Qxh5 Nxg6 29. Qxg6+ Rg7 30. Qe6+ Kh8 31. Bf4 Nf8 32. Qg4 Bxc3 33. bxc3 Ng6 34.
Bg3 Rxc3 35. h5 Bc8 36. Re8+ Rg8 37. Qe2 Rxg3+ 38. Kf2 Nf4 39. Qe5+ Kh7 40.
Re7+ 1-0

[Event "12. OSIJEK OPEN "]
[Site "Osijek"]
[Date "2019.02.21"]
[Round "2.30"]
[White "Martinovic, Josip"]
[Black "Mikic, Ivana"]
[Result "1/2-1/2"]
[WhiteElo "1616"]
[BlackElo "1843"]
[PlyCount "77"]
[EventDate "2019.02.21"]

1. d4 Nf6 2. c4 e6 3. Bd2 c5 4. Nf3 Nc6 5. e3 d5 6. cxd5 Nxd5 7. dxc5 Bxc5 8.
Nc3 O-O 9. Be2 b6 10. O-O Bb7 11. a3 Be7 12. Qc2 Rc8 13. e4 Nf6 14. Bd3 h6 15.
Rad1 Qc7 16. Qc1 Ne5 17. Nxe5 Qxe5 18. Bf4 Qc5 19. Be3 Qc6 20. Bb5 Qc7 21. Bd3
Bxa3 22. Bd2 Bd6 23. h3 Qe7 24. Qb1 Rfd8 25. f4 Nh5 26. e5 Bc5+ 27. Kh2 f5 28.
Be2 g6 29. Bxh5 gxh5 30. Be1 Qg7 31. Rxd8+ Rxd8 32. Qc2 Kh7 33. Bh4 Rg8 34. g3
Rc8 35. Qb3 Qd7 36. Rd1 Qc6 37. Qc2 b5 38. Qd2 Rc7 39. Bf6 1/2-1/2

[Event "12. OSIJEK OPEN "]
[Site "Osijek"]
[Date "2019.02.21"]
[Round "2.31"]
[White "Juric, Matea"]
[Black "Kovac, Petar"]
[Result "0-1"]
[WhiteElo "1459"]
[BlackElo "1658"]
[PlyCount "58"]
[EventDate "2019.02.21"]

1. e4 e6 2. Nc3 d5 3. exd5 exd5 4. d4 Nc6 5. h3 a6 6. a3 Nf6 7. Nf3 Bf5 8. Bd3
Bg6 9. Qe2+ Be7 10. Bg5 Qd6 11. Bxf6 gxf6 12. h4 O-O-O 13. O-O-O Rde8 14. Rhe1
Na5 15. Bxg6 hxg6 16. Qd3 Nc4 17. g3 Qb6 18. Na4 Qa5 19. Qb3 c6 20. Re2 b5 21.
Nc5 Bxc5 22. Rxe8+ Rxe8 23. dxc5 Kc7 24. Nd2 Re1 25. c3 Re2 26. f3 Ne3 27. Rg1
Kd7 28. g4 Qc7 29. h5 Qh2 0-1

[Event "12. OSIJEK OPEN "]
[Site "Osijek"]
[Date "2019.02.21"]
[Round "2.32"]
[White "Ljubicic, Ninoslav"]
[Black "Horvat, Denis"]
[Result "1-0"]
[WhiteElo "1770"]
[BlackElo "1591"]
[PlyCount "37"]
[EventDate "2019.02.21"]

1. e4 c5 2. Nf3 a6 3. d4 cxd4 4. Nxd4 e5 5. Nf5 Nf6 6. Nc3 Bb4 7. Nxg7+ Kf8 8.
Bh6 Qb6 9. Nf5+ Ke8 10. Be3 Qc7 11. Qd3 d5 12. O-O-O d4 13. Bg5 dxc3 14. Bxf6
cxb2+ 15. Kb1 Nc6 16. Bxh8 Be6 17. Bf6 Bxa2+ 18. Kxa2 Be7 19. Bxe7 1-0

[Event "12. OSIJEK OPEN "]
[Site "Osijek"]
[Date "2019.02.21"]
[Round "2.33"]
[White "Rogulja, Nikola"]
[Black "Maroslavac, Ivana"]
[Result "0-1"]
[WhiteElo "1352"]
[BlackElo "1695"]
[PlyCount "57"]
[EventDate "2019.02.21"]

1. e4 e5 2. Nf3 Nc6 3. d4 exd4 4. Nxd4 Bc5 5. Be3 Bb6 6. Bc4 Nf6 7. Nxc6 bxc6
8. Bg5 h6 9. Bh4 g5 10. Bg3 O-O 11. Nc3 Re8 12. Bd3 d5 13. f3 dxe4 14. Nxe4
Nxe4 15. fxe4 Qe7 16. Kd2 Qb4+ 17. Kc1 Be3+ 18. Kb1 Bd4 19. Qc1 Rb8 20. c3 Bxc3
21. Be1 Qxb2+ 22. Qxb2 Bxb2 23. Bf2 Bd4+ 24. Kc1 Bxa1 25. Bxa7 Ra8 26. Kd2 Be5
27. Bc5 Rxa2+ 28. Ke3 Rxg2 29. h4 0-1

[Event "12. OSIJEK OPEN "]
[Site "Osijek"]
[Date "2019.02.21"]
[Round "2.34"]
[White "Lovrinic, Vlatko"]
[Black "Marjanovic, Alex"]
[Result "1/2-1/2"]
[WhiteElo "1717"]
[BlackElo "1569"]
[PlyCount "60"]
[EventDate "2019.02.21"]

1. e4 c5 2. Nc3 Nc6 3. Bb5 a6 4. Bxc6 dxc6 5. d3 e5 6. h3 Be6 7. Nf3 Bd6 8. O-O
Ne7 9. Ng5 Qd7 10. Na4 Rb8 11. Nb6 Qc7 12. Nxe6 fxe6 13. Nc4 O-O 14. Be3 b5 15.
Nd2 Ng6 16. Qg4 Qe7 17. Nf3 Nf4 18. Bxf4 exf4 19. e5 Bc7 20. Rfe1 Rf5 21. d4
Rd8 22. c3 c4 23. Rad1 Rd5 24. Nd2 Qd7 25. Ne4 Kh8 26. Nc5 Qc8 27. Qh4 Bd8 28.
Qg4 Bb6 29. Ne4 Bc7 30. Ng5 Qd7 1/2-1/2

[Event "12. OSIJEK OPEN "]
[Site "Osijek"]
[Date "2019.02.21"]
[Round "2.35"]
[White "Zivkovic, Mihael"]
[Black "Biljcevic, Miodrag"]
[Result "0-1"]
[WhiteElo "1201"]
[BlackElo "1725"]
[PlyCount "74"]
[EventDate "2019.02.21"]

1. e4 d5 2. exd5 Qxd5 3. Nc3 Qa5 4. d4 c6 5. Bd2 Qc7 6. Bc4 Nf6 7. Nf3 Bg4 8.
h3 Bh5 9. g4 Bg6 10. Be3 e6 11. a3 Nbd7 12. Qe2 Bd6 13. O-O-O b5 14. Ba2 b4 15.
axb4 Bxb4 16. g5 Nd5 17. Nxd5 cxd5 18. c3 Bxc3 19. Rdg1 Bxd4+ 20. Kd1 Bxe3 21.
fxe3 Qa5 22. Bb3 Qa1+ 23. Kd2 Qxb2+ 24. Ke1 Qxb3 25. Nd4 Qd3 26. Qf3 Be4 27.
Qg3 e5 28. Nc6 Bxh1 29. Rxh1 Qc3+ 30. Kf2 Qxc6 31. Rd1 O-O 32. Qg4 Rab8 33. Kg1
Rb2 34. e4 d4 35. h4 Qc2 36. Qg3 Qxd1+ 37. Qe1 Qxe1# 0-1

[Event "12. OSIJEK OPEN "]
[Site "Osijek"]
[Date "2019.02.21"]
[Round "2.36"]
[White "Dragicevic, Ivica"]
[Black "Sokcevic, Dario"]
[Result "0-1"]
[WhiteElo "1719"]
[BlackElo "1506"]
[PlyCount "91"]
[EventDate "2019.02.21"]

1. d4 Nf6 2. c4 g6 3. Nc3 Bg7 4. Nf3 O-O 5. e3 d6 6. Be2 c6 7. O-O Nbd7 8. Qc2
e5 9. b3 c5 10. dxe5 dxe5 11. Bb2 Re8 12. Rad1 a6 13. Rd2 b6 14. e4 Qe7 15. Nd5
Nxd5 16. cxd5 Qd6 17. h3 Nf8 18. Bd3 Bd7 19. Re2 h6 20. Bc1 Nh7 21. Be3 Rf8 22.
Qc1 g5 23. Nh2 f5 24. Qb1 f4 25. Bc1 Qg6 26. b4 g4 27. hxg4 Bxg4 28. Rc2 f3 29.
g3 Qh5 30. Rd1 Nf6 31. Be3 Bh3 32. bxc5 Bg2 33. Qxb6 Rae8 34. Qxf6 Bxf6 35. c6
Be7 36. Bxa6 Bd6 37. Bc5 Qg6 38. Bd3 h5 39. Rdc1 Bh3 40. c7 h4 41. Be3 hxg3 42.
fxg3 Qxg3+ 43. Kh1 Bg2+ 44. Kg1 Bh3+ 45. Kh1 f2 46. Bxf2 0-1

[Event "12. OSIJEK OPEN "]
[Site "Osijek"]
[Date "2019.02.21"]
[Round "2.38"]
[White "Ivekovic, Zvjezdana"]
[Black "Dankos, Mislav"]
[Result "1-0"]
[WhiteElo "1703"]
[BlackElo "1329"]
[PlyCount "45"]
[EventDate "2019.02.21"]

1. d4 d5 2. c4 e6 3. Nf3 Nf6 4. g3 c5 5. cxd5 exd5 6. Bg2 Nc6 7. O-O Be7 8. Nc3
O-O 9. dxc5 Bxc5 10. Bg5 h6 11. Bxf6 Qxf6 12. Qxd5 Bb4 13. Rac1 Re8 14. Qd1 Be6
15. a3 Bxc3 16. Rxc3 Rad8 17. Qc1 Bg4 18. Re1 Nd4 19. Nxd4 Qxd4 20. Rd3 Rxe2
21. Rxd4 Rxe1+ 22. Qxe1 Rxd4 23. Qe8+ 1-0

[Event "12. OSIJEK OPEN "]
[Site "Osijek"]
[Date "2019.02.21"]
[Round "2.39"]
[White "Ronta, Ivan"]
[Black "Pergar, Lovro"]
[Result "1-0"]
[WhiteElo "1717"]
[BlackElo "1483"]
[PlyCount "49"]
[EventDate "2019.02.21"]

1. e4 c5 2. Nf3 d6 3. Bb5+ Nd7 4. O-O a6 5. Bd3 Ngf6 6. c3 b5 7. Bc2 Bb7 8. Qe2
e6 9. d4 cxd4 10. cxd4 Rc8 11. Nc3 Be7 12. Bf4 O-O 13. a3 Ng4 14. h3 e5 15. Bg3
Ngf6 16. dxe5 dxe5 17. Nxe5 Nxe5 18. Bxe5 Rc5 19. Rfd1 Qc8 20. Bd4 Rg5 21. h4
Rh5 22. Bxf6 gxf6 23. Qxh5 Kh8 24. e5 Rg8 25. Qxh7# 1-0

[Event "12. OSIJEK OPEN"]
[Site "Osijek"]
[Date "2019.02.22"]
[Round "3.1"]
[White "Iveković, Bozidar"]
[Black "Horvat, Damjan"]
[Result "1-0"]
[WhiteElo "2398"]
[BlackElo "2049"]
[PlyCount "55"]
[EventDate "2019.02.21"]

1. Nf3 c5 2. e4 d6 3. d4 cxd4 4. Nxd4 Nf6 5. Nc3 a6 6. Be3 e5 7. Nf3 Be7 8. Bc4
O-O 9. a4 Nc6 10. O-O Be6 11. Qe2 Rc8 12. Nd5 Bxd5 13. exd5 Na5 14. Ba2 Qc7 15.
Nd2 Qxc2 16. b4 Qxa4 17. Rfb1 b5 18. bxa5 Qxa5 19. Bb3 Qb4 20. Rxa6 Qh4 21. h3
Rc7 22. Qxb5 Nh5 23. Rc6 Rd7 24. Rc4 Nf4 25. Bxf4 exf4 26. Qxd7 Bf6 27. Nf3 Re8
28. Qxe8# 1-0

[Event "12. OSIJEK OPEN "]
[Site "Osijek"]
[Date "2019.02.22"]
[Round "3.2"]
[White "Grandic, Zvjezdan"]
[Black "Trbojevic, Mladen"]
[Result "1-0"]
[WhiteElo "2168"]
[BlackElo "2354"]
[PlyCount "133"]
[EventDate "2019.02.21"]

1. e4 e5 2. Nf3 Nc6 3. Bb5 a6 4. Ba4 Nf6 5. d3 Bc5 6. c3 b5 7. Bb3 d6 8. h3 h6
9. O-O O-O 10. Re1 Bb6 11. a4 Bd7 12. Nbd2 Ne7 13. Nf1 Ng6 14. d4 c5 15. Ne3
Qc7 16. Bd5 cxd4 17. cxd4 Rac8 18. axb5 Bxb5 19. b3 Nf4 20. dxe5 dxe5 21. Ba3
Nd3 22. Bxf8 Nxe1 23. Qxe1 Kxf8 24. Bc4 Kg8 25. Rc1 Kh8 26. Nd5 Nxd5 27. exd5
Bd4 28. Qe4 Qb6 29. Nxe5 Bxf2+ 30. Kh1 Bxc4 31. Nxf7+ Kg8 32. bxc4 Be3 33. Rb1
Qc5 34. Qe6 Kh7 35. Nd6 Rf8 36. Qe4+ Kh8 37. Nf7+ Rxf7 38. Rb8+ Rf8 39. Rxf8+
Qxf8 40. Qxe3 Qf1+ 41. Kh2 Qxc4 42. Qe5 Qc5 43. Qe8+ Kh7 44. Qe4+ Kh8 45. Qe6
Qd4 46. d6 Qf4+ 47. Kg1 Qc1+ 48. Kf2 Qd2+ 49. Kf3 Qd3+ 50. Kf4 Qd2+ 51. Kg3
Qg5+ 52. Kf3 Qh5+ 53. Ke3 Qc5+ 54. Kd3 Qa3+ 55. Ke4 Qa4+ 56. Kf3 Qa3+ 57. Kf2
Qc5+ 58. Kf3 Qc3+ 59. Kg4 Qd2 60. d7 Qxg2+ 61. Kf4 Qf2+ 62. Ke4 Qe2+ 63. Kd5
Qf3+ 64. Kd6 Qf8+ 65. Kc7 Qc5+ 66. Kb7 Qb5+ 67. Ka8 1-0

[Event "12. OSIJEK OPEN "]
[Site "Osijek"]
[Date "2019.02.22"]
[Round "3.3"]
[White "Cajzler, Hinko"]
[Black "Stocko, Josip"]
[Result "0-1"]
[WhiteElo "2142"]
[BlackElo "2294"]
[PlyCount "106"]
[EventDate "2019.02.21"]

1. d4 Nf6 2. Nf3 e6 3. g3 b6 4. Bg2 Bb7 5. c4 Be7 6. Nc3 O-O 7. O-O d6 8. Qc2
Na6 9. e4 Nd7 10. d5 e5 11. Bh3 Nf6 12. Nh4 g6 13. Bh6 Re8 14. Ng2 Bc8 15. Bxc8
Qxc8 16. f3 c5 17. g4 Nc7 18. a4 a6 19. h3 Qd7 20. b3 Kh8 21. Qd2 Ng8 22. Be3
Reb8 23. f4 exf4 24. Rxf4 f6 25. Ne2 b5 26. Raf1 bxc4 27. bxc4 Qxa4 28. g5 Ne8
29. Rh4 Qb4 30. Qd3 Qb3 31. Qd2 Qb2 32. Qe1 fxg5 33. Bd2 Qg7 34. Rg4 Rb3 35.
Bxg5 Ngf6 36. Rgf4 Rxh3 37. Qa1 Kg8 38. e5 dxe5 39. Qxe5 Rh5 40. Ng3 Rxg5 41.
Qxg5 Ne4 42. Qg4 Nxg3 43. Rf7 Qe5 44. Rxe7 Qxe7 45. Qxg3 Nd6 46. Re1 Qf6 47.
Kh2 Nxc4 48. Re6 Qf5 49. Qc7 Qxd5 50. Nf4 Qd2+ 51. Ne2 Rf8 52. Re7 Qd6+ 53. Kg1
Qxc7 0-1

[Event "12. OSIJEK OPEN "]
[Site "Osijek"]
[Date "2019.02.22"]
[Round "3.4"]
[White "Matanovic, Luka"]
[Black "Gavran, Marinko"]
[Result "0-1"]
[WhiteElo "2264"]
[BlackElo "2030"]
[PlyCount "92"]
[EventDate "2019.02.21"]

1. e4 d5 2. exd5 Nf6 3. Bb5+ Bd7 4. Be2 Nxd5 5. d4 e6 6. Nf3 c5 7. c4 Nf6 8.
O-O cxd4 9. Nxd4 Nc6 10. Nb5 a6 11. Nd6+ Bxd6 12. Qxd6 Qe7 13. Qxe7+ Nxe7 14.
Nc3 O-O 15. Bf4 Nf5 16. Rfd1 Bc6 17. b4 Nh4 18. Bf1 Ng6 19. Bd6 Rfd8 20. a4 Rd7
21. Bc5 Rad8 22. Rxd7 Rxd7 23. b5 Be4 24. Nxe4 Nxe4 25. Be3 f5 26. f3 Nd2 27.
Rd1 Nxf3+ 28. gxf3 Rxd1 29. c5 f4 30. Bf2 axb5 31. axb5 Rc1 32. Kg2 Ne7 33. Bd3
Nf5 34. c6 bxc6 35. b6 Nd6 36. Bh4 Kf7 37. Bd8 Ke8 38. Bc7 Kd7 39. Bxh7 Rc3 40.
h4 Rb3 41. Kh3 Rxf3+ 42. Kg4 Rf2 43. Bd3 e5 44. Bf5+ Nxf5 45. Kxf5 Re2 46. Bxe5
Rxe5+ 0-1

[Event "12. OSIJEK OPEN "]
[Site "Osijek"]
[Date "2019.02.22"]
[Round "3.5"]
[White "Dabic, Stjepan"]
[Black "Jusup, Matej"]
[Result "0-1"]
[WhiteElo "2123"]
[BlackElo "2236"]
[PlyCount "84"]
[EventDate "2019.02.21"]

1. d4 Nf6 2. c4 c5 3. d5 b5 4. cxb5 a6 5. bxa6 g6 6. Nc3 Bxa6 7. Nf3 d6 8. e4
Bxf1 9. Kxf1 Bg7 10. g3 O-O 11. Kg2 Nbd7 12. a4 Qa5 13. Qe2 Rfb8 14. Nd2 Qa6
15. Qxa6 Rxa6 16. Ra3 Rb4 17. b3 Ne5 18. Bb2 Nd3 19. Ba1 Ng4 20. Na2 Ngxf2 21.
Bxg7 Kxg7 22. Nxb4 cxb4 23. Ra2 Nxh1 24. Kxh1 Nf2+ 25. Kg2 Nd1 26. Kf3 Nc3 27.
Rc2 f5 28. Ke3 Ra5 29. Nc4 Rc5 30. a5 fxe4 31. a6 Rc7 32. Rc1 Ra7 33. Ra1 Nxd5+
34. Kxe4 Nc7 35. Kd4 Rxa6 36. Rxa6 Nxa6 37. Nd2 Kf6 38. Kc4 Ke5 39. Kb5 Nc7+
40. Kxb4 Kd4 41. Nf3+ Ke3 42. Ng5 d5 0-1

[Event "12. OSIJEK OPEN "]
[Site "Osijek"]
[Date "2019.02.22"]
[Round "3.6"]
[White "Vucenovic, Damian"]
[Black "Sasvari, Zelimir"]
[Result "0-1"]
[WhiteElo "1842"]
[BlackElo "2198"]
[PlyCount "152"]
[EventDate "2019.02.21"]

1. e4 c5 2. Nf3 Nc6 3. c3 e6 4. d4 cxd4 5. cxd4 d5 6. e5 Bd7 7. Nc3 a6 8. Bd3
Qb6 9. Bc2 Nb4 10. Bb1 a5 11. O-O Ne7 12. a3 Na6 13. Bc2 Nc7 14. Re1 Qa7 15.
Be3 a4 16. Qd3 Qa6 17. Qd2 Nc8 18. Rec1 Nb6 19. Bd3 Nc4 20. Bxc4 dxc4 21. Ne1
Bc6 22. Nc2 Rd8 23. Qe2 b5 24. f3 Be7 25. Nb4 Bxb4 26. axb4 Qb7 27. Qf2 O-O 28.
Qg3 Na6 29. Bg5 Kh8 30. Bxd8 Rxd8 31. Qh4 Qd7 32. Na2 h6 33. Rd1 Qe8 34. f4 Rd7
35. Qe1 Qe7 36. Rac1 Nc7 37. Qd2 Be4 38. Qe3 Bc6 39. Rf1 Nd5 40. Qd2 Qd8 41.
Rcd1 Ne7 42. Nc3 Nf5 43. Ne2 Be4 44. Qc3 Ba8 45. Rd2 Qb6 46. Rf2 Ne7 47. Qh3
Be4 48. Qe3 Bg6 49. Qf3 Nd5 50. Qa3 Qd8 51. Nc3 Nc7 52. Ne2 Qe7 53. Nc3 Bd3 54.
Ne2 Bxe2 55. Rfxe2 Nd5 56. Qf3 g6 57. g4 Nxb4 58. f5 Nd3 59. Rxd3 cxd3 60. Qxd3
g5 61. f6 Qb4 62. Rd2 Rc7 63. Rd1 Qxb2 64. Qh3 Kh7 65. Qd3+ Kg8 66. Qe4 Qc2 67.
Qf3 Rc3 68. Qa8+ Rc8 69. Qf3 b4 70. Rf1 b3 71. Qh3 b2 72. Qxh6 Qg6 73. Qxg6+
fxg6 74. f7+ Kf8 75. Kg2 Rc1 76. Rxc1 bxc1=Q 0-1